=LDR 00000nam 2200000 4500 =001 INLIS000000000027558 =005 20210525100714 =035 ##$$a 0010-061300000027558 =008 210525################g##########0#ind## =041 ##$$a Ind =082 ##$$a 540.107 6 =090 ##$$a 540.176, Rok s =100 #$$a Rokhmad =245 1#$$a Strategi sukses ujian nasional SMA/MA kimia /$c Rokhmad =260 ##$$a Yogyakarta :$b Primagama,$c 2004 =300 ##$$a x,358 hlm : $b ilus ; $c 21x14 cm =650 #4$$a Kimia-Tes dan evaluasi =850 ##$$a NBPNMAT =084 ##$$a 540.107 6 ROK s =250 ##$$a cet.1 =990 ##$$a 00056227 =990 ##$$a 01201808527 =990 ##$$a 00056227 =990 ##$$a 01201808527 =990 ##$$a 00093128 =990 ##$$a 00056227